Great Literature #51 - Statistics

General Stats
  • This quiz has been taken 44 times
  • The average score is 6 of 20
Answer Stats
Hint Explanation Answer % Correct
P. G. Wodehouse 1934 Thank You, Jeeves
79%
Heinrich Böll 1974 (Die verlorene Ehre der Katharina Blum oder: Wie Gewalt entstehen und wohin sie führen kann) The Lost Honour of Katharina Blum
53%
P. L. Travers 1934 Mary Poppins
50%
Aleksandr Solzhenitsyn 1966 (Раковый корпус) Cancer Ward
45%
Virginia Woolf 1953 A Writer’s Diary
42%
Charles Perrault 1697 (“Le Petit Chaperon Rouge”), included in Stories or Tales from Past Times (Histoires ou contes du temps passé) Little Red Riding Hood
42%
Arthur Schopenhauer 1970 Essays and Aphorisms
39%
Vladimir Nabokov 1957 Pnin
34%
Diana Wynne Jones 1986 Howl’s Moving Castle
32%
Nancy Mitford 1949 Love in a Cold Climate
32%
Ayi K. Armah 1968 The Beautyful Ones Are not Yet Born
24%
Jamaica Kincaid 1985 Annie John
18%
Tobias Smollett 1751 (The Adventures of Peregrine Pickle, in Which Are Included, Memoirs of a Lady of Quality) The Adventures of Peregrine Pickle
18%
R. G. Collingwood 1946 The Idea of History
18%
Eça de Queirós 1888 (Os Maias: Episódios da Vida Romântica) The Maias
18%
William Beckford 1768 Vathek
18%
Ann Radcliff 1794, in four volumes The Mysteries of Udolpho
16%
Samuel Johnson, Abraham Raimbach, Robert Smirke 1759 (The Prince of Abissinia: A Tale) The History of Rasselas, Prince of Abyssinia
13%
Marguerite Duras 1950 (Un barrage contre le Pacifique) The Sea Wall
11%
Nella Larsen 1928 Quicksand
8%
No matching quizzes found
Score Distribution
Percent of People with Each Score
Percentile by Number Answered
Your Score History
You have not taken this quiz